UBT Library

Cybernetics and management / (Record no. 44)

000 -LEADER
fixed length control field 00592nam a22002057a 4500
008 - FIXED-LENGTH DATA ELEMENTS--GENERAL INFORMATION
fixed length control field 131008b xxu||||| |||| 00| 0 eng d
041 0# - LANGUAGE CODE
Language code of text/sound track or separate title eng
080 ## - UNIVERSAL DECIMAL CLASSIFICATION NUMBER
Universal Decimal Classification number 007:658
100 ## - Rafti
Rafti Beer, Stafford
245 10 - TITLE STATEMENT
Title Cybernetics and management /
Statement of responsibility, etc Stafford Beer
260 ## -
-- London :
-- The English Universities Press LTD ;
-- 1959
300 ## -
-- 214 f. :
-- me il.;
-- 22 cm.
490 ## -
-- Management science series
500 ## -
-- Author's preface : f. XI-XV.
505 ## -
-- References : f. 209-211<br/><br/>
505 ## -
-- Index : f. 212-214
650 #0 -
-- Kibernetika
650 #0 -
-- Menaxhimi
942 ## - ADDED ENTRY ELEMENTS (KOHA)
Source of classification or shelving scheme
Item type Books
Holdings
Withdrawn status Lost status Source of classification or shelving scheme Damaged status Not for loan Collection code Permanent location Current location Shelving location Date acquired Total Checkouts Full call number Barcode Date last seen Koha item type
          Koleksioni i përgjithshem UBT - Prishtine UBT - Prishtine Koleksioni i përgjithshem 10/08/2013   007:658 BEE 001-000033 10/08/2013 Books
UBT Library © 2015-2024. All rights reserved University Education for Business and Technology